Pietro Pauolo Rubens

Saved in:
Bibliographic Details
Main Author: Perre, Harold Van de (Author)
Format: Book
Published: Brussel : Elsevier, 1984
Subjects:
Tags: Add Tag
No Tags, Be the first to tag this record!

MARC

LEADER 00000nam a22000003a 4500
001 stu113621
005 20150617225841.0
008 060309s1984----------------------------d
020 |a 90-1004571-4 
040 |a STU  |b slo 
041 0
100 1 |a Perre, Harold Van de  |4 aut 
245 1 |a Pietro Pauolo Rubens 
260 |a Brussel :  |b Elsevier,  |c 1984 
300 |a 189 s 
650 7 |a Rubens  |2 stusub 
650 7 |a umenie výtvarné  |2 stusub 
650 7 |a výtvarníci zahraniční  |2 stusub 
996 |b 284AU01894  |c A*4652 U  |l AAKNAR  |s A  |a 24  |w stu113621_0001